000 nam a22 7a 4500
999 _c24350
_d24350
008 170128b xxu||||| |||| 00| 0 eng d
020 _a9781401897130
050 _aRJ 245 .P68 2007
100 _aPotts Nicki L.
_d2007
245 _aPediatric Nursing:
_bCaring for Children and Their Families /
250 _a2nd ed
260 _aAustralia:
_bDelmar,
_c2007.
300 _avii, 320 p.:
_bill.;
_c28cm.
650 _2Nursing
700 _aBarbara L. Manleco
942 _2lcc
_cBOOKS
_hRJ 245 .P68 2007
_k32639